[Event "DVM U10 2016"]
[Site "Magdeburg GER"]
[Date "2016.12.28"]
[Round "4"]
[White "Adelmeyer, Nelly"]
[Black "Debets, Mario"]
[Result "1-0"]
[Termination "normal"]
[Board "10.3"]
[WhiteElo "1144"]
[BlackElo "1026"]
[WhiteTeam "SV Roter Turm Halle 1"]
[BlackTeam "DJK Arminia Eilendorf"]
[PlyCount "89"]
[WhiteFideId "16203577"]
[BlackFideId "16275250"]
[EventCountry "GER"]
[EventRounds "7"]
[EventType "team-swiss"]
[EventDate "2016.12.27"]

1. e4 e5 2. Nf3 Nc6 3. d4 exd4 4. Nxd4 Bc5 5. Be3 d5 6. Nxc6 bxc6 7. Bxc5 dxe4
8. Qxd8+ Kxd8 9. Bc4 Rb8 10. Bd4 f6 11. b3 Ne7 12. Bxa7 Rb7 13. Be3 Ke8 14. O-O
Rf8 15. Nc3 Nf5 16. Bf4 Ke7 17. Nxe4 Be6 18. Bxe6 Kxe6 19. Nc5+ Kf7 20. Nxb7
Kg8 21. Nc5 Nd4 22. c3 Ne2+ 23. Kh1 Nxf4 24. Rfe1 Nd5 25. Ne6 Ra8 26. c4 Nc3
27. Nxc7 Ra7 28. Ne6 Nxa2 29. Re2 Rd7 30. Rexa2 Re7 31. Nd4 Rc7 32. g3 c5 33.
Nf5 g6 34. Nd6 Rc6 35. Ne4 Rb6 36. Ra3 f5 37. Nc3 Re6 38. h3 Rd6 39. g4 fxg4
40. hxg4 Rd2 41. g5 Rxf2 42. Ne4 Rf4 43. Nxc5 Rf5 44. Ra8+ Kg7 45. R1a7+ 1-0

[Event "DVM U10 2016"]
[Site "Magdeburg GER"]
[Date "2016.12.28"]
[Round "4"]
[White "Sassenscheidt, Julius"]
[Black "Kageler, Anton Paul"]
[Result "0-1"]
[Termination "normal"]
[Board "10.4"]
[WhiteElo "787"]
[BlackElo "911"]
[WhiteTeam "DJK Arminia Eilendorf"]
[BlackTeam "SV Roter Turm Halle 1"]
[PlyCount "94"]
[WhiteFideId "16258509"]
[BlackFideId "16244850"]
[EventCountry "GER"]
[EventRounds "7"]
[EventType "team-swiss"]
[EventDate "2016.12.27"]

1. c4 c5 2. Nc3 Nc6 3. Nf3 Nf6 4. d4 cxd4 5. Nxd4 Nxd4 6. Qxd4 g6 7. Qd1 Bg7 8.
e4 d6 9. Bd3 O-O 10. O-O Bd7 11. Be3 Ng4 12. Qd2 Nxe3 13. Qxe3 Re8 14. Rfe1 Qc7
15. b3 Bxc3 16. Rac1 Bxe1 17. Rxe1 e6 18. Qd2 d5 19. Qc2 dxc4 20. bxc4 b5 21.
h3 bxc4 22. Bxc4 Bb5 23. Rc1 Bxc4 24. Qxc4 Qxc4 25. Rxc4 Reb8 26. Kh2 Rb2 27.
a3 Rxf2 28. Kg3 Re2 29. Kf3 Ra2 30. Ra4 Rb8 31. Rxa7 Rb3+ 32. Kf4 Raxa3 33. Rd7
Rb4 34. Ke5 Ra5+ 35. Kf6 Ra8 36. Rxf7 Rf8 37. Rxf8+ Kxf8 38. Ke5 Ke7 39. g4 g5
40. h4 gxh4 41. Kf4 Rb3 42. Kg5 h3 43. Kh6 Rb4 44. Kxh7 Rxe4 45. g5 Rg4 46. g6
Rxg6 47. Kxg6 h2 0-1

[Event "DVM U10 2016"]
[Site "Magdeburg GER"]
[Date "2016.12.28"]
[Round "4"]
[White "Niemann, Leon"]
[Black "Pixa, Karl"]
[Result "1-0"]
[Termination "normal"]
[Board "11.1"]
[WhiteElo "1423"]
[BlackElo "1195"]
[WhiteTeam "Hannover 96"]
[BlackTeam "SV Dresden-Striesen"]
[PlyCount "49"]
[WhiteFideId "16218388"]
[BlackFideId "16240480"]
[EventCountry "GER"]
[EventRounds "7"]
[EventType "team-swiss"]
[EventDate "2016.12.27"]

1. c4 c5 2. g3 d6 3. Bg2 g6 4. Nf3 Nf6 5. Nc3 Bg7 6. d4 cxd4 7. Nxd4 Nbd7 8.
O-O e5 9. Nf3 O-O 10. Qxd6 Re8 11. Qd2 e4 12. Ng5 Bh6 13. Qc2 Nc5 14. Nxf7 Kxf7
15. Bxh6 Bf5 16. Be3 Rc8 17. Rad1 Ncd7 18. Qb3 Qc7 19. c5+ Kf8 20. Qb4 Kg7 21.
a3 a5 22. Qb3 Be6 23. Qc2 Bf5 24. b4 b6 25. Nb5 1-0

[Event "DVM U10 2016"]
[Site "Magdeburg GER"]
[Date "2016.12.28"]
[Round "4"]
[White "Richter, Nicholas"]
[Black "Janovskij, Konstantin"]
[Result "1/2-1/2"]
[Termination "normal"]
[Board "11.2"]
[WhiteElo "1149"]
[BlackElo "1361"]
[WhiteTeam "SV Dresden-Striesen"]
[BlackTeam "Hannover 96"]
[PlyCount "32"]
[WhiteFideId "16244834"]
[BlackFideId "16225252"]
[EventCountry "GER"]
[EventRounds "7"]
[EventType "team-swiss"]
[EventDate "2016.12.27"]

1. d4 Nf6 2. c4 e6 3. Nc3 d5 4. Nf3 Nbd7 5. Bf4 c6 6. e3 Nh5 7. Bg5 f6 8. Bh4
g5 9. Nd2 Ng7 10. Bg3 Nf5 11. Qh5+ Ke7 12. Bd3 Nxg3 13. hxg3 h6 14. Qh2 Qb6 15.
Rb1 Kd8 16. c5 Qc7 1/2-1/2

[Event "DVM U10 2016"]
[Site "Magdeburg GER"]
[Date "2016.12.28"]
[Round "4"]
[White "Safranski, Gregor"]
[Black "Klose, Christopher"]
[Result "0-1"]
[Termination "normal"]
[Board "11.3"]
[WhiteElo "600"]
[BlackElo "938"]
[WhiteTeam "Hannover 96"]
[BlackTeam "SV Dresden-Striesen"]
[PlyCount "52"]
[WhiteFideId "34641572"]
[EventCountry "GER"]
[EventRounds "7"]
[EventType "team-swiss"]
[EventDate "2016.12.27"]

1. e4 e5 2. Nf3 Nc6 3. Bb5 Nge7 4. b3 a6 5. Bxc6 Nxc6 6. Bb2 d6 7. Nc3 Bg4 8.
h3 Bxf3 9. Qxf3 Nd4 10. Qd1 Be7 11. f3 Bh4+ 12. Kf1 O-O 13. Nd5 c6 14. Bxd4
exd4 15. Nf4 Qg5 16. Nd3 Rae8 17. Nf2 Qg3 18. Qe2 d5 19. d3 Re6 20. Ng4 dxe4
21. dxe4 Bf6 22. Qd3 Rd6 23. Rc1 c5 24. Qc4 Qf4 25. Re1 Bh4 26. Re2 Qc1+ 0-1

[Event "DVM U10 2016"]
[Site "Magdeburg GER"]
[Date "2016.12.28"]
[Round "4"]
[White "Haugner, Quentin"]
[Black "Bangiev, Anton"]
[Result "1-0"]
[Termination "normal"]
[Board "11.4"]
[WhiteElo "1012"]
[BlackElo "600"]
[WhiteTeam "SV Dresden-Striesen"]
[BlackTeam "Hannover 96"]
[PlyCount "87"]
[BlackFideId "16267222"]
[EventCountry "GER"]
[EventRounds "7"]
[EventType "team-swiss"]
[EventDate "2016.12.27"]

1. e4 Nf6 2. Nc3 e5 3. Bc4 Bb4 4. d3 Bxc3+ 5. bxc3 Nc6 6. Nf3 O-O 7. Bg5 b6 8.
Bd5 Bb7 9. O-O Qe7 10. d4 h6 11. dxe5 hxg5 12. exf6 Qxf6 13. c4 Rae8 14. Re1 g4
15. e5 Qh6 16. Nd4 Nxd4 17. Qxd4 c6 18. Be4 a6 19. Qxd7 Rb8 20. Qxg4 c5 21. Bd3
b5 22. cxb5 axb5 23. Bxb5 Qg6 24. Qxg6 fxg6 25. Bc4+ Kh8 26. Re3 Rf5 27. Be6
Rh5 28. Bf7 Kh7 29. e6 Bc6 30. e7 Be8 31. Bxe8 Rxe8 32. Rd1 Kg8 33. Rd8 Kf7 34.
Rxe8 Kxe8 35. a4 c4 36. Kf1 Ra5 37. Ke2 Rxa4 38. Kf3 Ra5 39. Ke2 c3 40. Kd3 Rc5
41. Kd4 Rc7 42. Kd3 Rxe7 43. Rxe7+ Kxe7 44. Kxc3 1-0

[Event "DVM U10 2016"]
[Site "Magdeburg GER"]
[Date "2016.12.28"]
[Round "4"]
[White "Mras, Anton"]
[Black "Schön, Florian"]
[Result "0-1"]
[Termination "normal"]
[Board "12.1"]
[WhiteElo "921"]
[BlackElo "1152"]
[WhiteTeam "Stader SV 2"]
[BlackTeam "BSG Grün-Weiß Leipzig"]
[PlyCount "41"]
[BlackFideId "16259394"]
[EventCountry "GER"]
[EventRounds "7"]
[EventType "team-swiss"]
[EventDate "2016.12.27"]

1. d4 d5 2. c4 e6 3. Nc3 Nf6 4. cxd5 exd5 5. Bf4 Bb4 6. a3 Bxc3+ 7. bxc3 Bf5 8.
e3 Nbd7 9. Bd3 Bg6 10. Bxg6 fxg6 11. Nf3 O-O 12. O-O c5 13. Qb3 b6 14. dxc5
Nxc5 15. Qc2 Nfe4 16. Nd2 Rc8 17. Nxe4 Nxe4 18. Rac1 g5 19. Bg3 Rf6 20. Rfd1
Rfc6 21. Be5 {nicht nachvollziehbare Mitschrieft} 0-1

[Event "DVM U10 2016"]
[Site "Magdeburg GER"]
[Date "2016.12.28"]
[Round "4"]
[White "Timofeev, Ben"]
[Black "Schulz, Leonard"]
[Result "0-1"]
[Termination "normal"]
[Board "12.3"]
[WhiteElo "788"]
[BlackElo "1119"]
[WhiteTeam "Stader SV 2"]
[BlackTeam "BSG Grün-Weiß Leipzig"]
[PlyCount "66"]
[EventCountry "GER"]
[EventRounds "7"]
[EventType "team-swiss"]
[EventDate "2016.12.27"]

1. g3 e5 2. Bg2 d5 3. Nf3 Nc6 4. b3 Nf6 5. Bb2 Bd6 6. c3 Be6 7. O-O Qd7 8. Ng5
h6 9. Nf3 g5 10. h4 gxh4 11. gxh4 Bh3 12. Ba3 Bxg2 13. Kxg2 Rg8+ 14. Kh2 Ng4+
15. Kg3 Ne3+ 16. Kh2 Nxd1 17. Rxd1 Qg4 18. Rg1 Qf4+ 19. Rg3 Rxg3 20. fxg3 Qe4
21. d3 Qxe2+ 22. Kg1 Qxf3 23. Nd2 Qe3+ 24. Kf1 Qxd2 25. Bc1 Qxd3+ 26. Ke1 Qxc3+
27. Bd2 Qxa1+ 28. Ke2 O-O-O 29. g4 Qb2 30. g5 hxg5 31. hxg5 Bb4 32. Kf3 e4+ 33.
Kf4 Qe5+ 0-1

[Event "DVM U10 2016"]
[Site "Magdeburg GER"]
[Date "2016.12.28"]
[Round "4"]
[White "Derling, Charlotte"]
[Black "Hecht, Jonas Christian"]
[Result "0-1"]
[Termination "normal"]
[Board "13.1"]
[WhiteElo "1081"]
[BlackElo "1381"]
[WhiteTeam "SV Roter Turm Halle 2"]
[BlackTeam "SC Kreuzberg"]
[PlyCount "60"]
[WhiteFideId "16222237"]
[BlackFideId "16214846"]
[EventCountry "GER"]
[EventRounds "7"]
[EventType "team-swiss"]
[EventDate "2016.12.27"]

1. e4 c5 2. Nf3 Nc6 3. d4 cxd4 4. Nxd4 e5 5. Nxc6 bxc6 6. Nc3 Nf6 7. Bg5 Be7 8.
Be2 O-O 9. O-O d6 10. Re1 Be6 11. Bf3 Rb8 12. Rb1 Qc7 13. Qd2 Rfd8 14. Red1 Rb7
15. b3 Qb8 16. a4 c5 17. Nd5 Bxd5 18. exd5 c4 19. Qc3 Rc8 20. Rb2 cxb3 21. Qd2
bxc2 22. Rxc2 Rxc2 23. Qxc2 h6 24. Be3 Rb2 25. Qc1 e4 26. Bxe4 Nxe4 27. Bxa7
Qb3 28. Rd4 Rb1 29. Qf1 Rxf1+ 30. Kxf1 Nc5 0-1

[Event "DVM U10 2016"]
[Site "Magdeburg GER"]
[Date "2016.12.28"]
[Round "4"]
[White "Fiedler, Ian Fynn"]
[Black "Lieske, Aaron"]
[Result "0-1"]
[Termination "normal"]
[Board "13.3"]
[WhiteElo "600"]
[BlackElo "1001"]
[WhiteTeam "SV Roter Turm Halle 2"]
[BlackTeam "SC Kreuzberg"]
[PlyCount "48"]
[WhiteFideId "16275012"]
[BlackFideId "16297938"]
[EventCountry "GER"]
[EventRounds "7"]
[EventType "team-swiss"]
[EventDate "2016.12.27"]

1. e4 e5 2. Nf3 Nc6 3. d4 d6 4. dxe5 Nxe5 5. Nxe5 dxe5 6. Qxd8+ Kxd8 7. Nc3 Nf6
8. Bg5 Bb4 9. a3 Bd6 10. Bb5 a6 11. Bc4 Ke8 12. O-O h6 13. Bh4 h5 14. Bg3 h4
15. Ne2 Nxe4 16. Rfe1 hxg3 17. Nxg3 Nxg3 18. fxg3 Kf8 19. Rf1 f6 20. Rfe1 Ke7
21. h4 Be6 22. Bd3 Bd7 23. Be4 Bc6 24. Rad1 {nicht weiter nachvollziehbar} Bb4
0-1

[Event "DVM U10 2016"]
[Site "Magdeburg GER"]
[Date "2016.12.28"]
[Round "4"]
[White "Varykhalov, Roman"]
[Black "Rumpold, Jaron"]
[Result "0-1"]
[Termination "normal"]
[Board "13.4"]
[WhiteElo "803"]
[BlackElo "933"]
[WhiteTeam "SC Kreuzberg"]
[BlackTeam "SV Roter Turm Halle 2"]
[PlyCount "56"]
[BlackFideId "16265793"]
[EventCountry "GER"]
[EventRounds "7"]
[EventType "team-swiss"]
[EventDate "2016.12.27"]

1. e4 d5 2. Nc3 d4 3. Nb5 a6 4. Na3 Nc6 5. Nf3 Nf6 6. d3 e5 7. Bg5 Be7 8. Bxf6
Bxf6 9. Be2 O-O 10. O-O Bd7 11. h3 b5 12. Qd2 Be6 13. c4 bxc4 14. Nxc4 Bxc4 15.
dxc4 Rb8 16. Qc2 Nb4 17. Qd1 d3 18. Bxd3 Nxd3 19. Qa4 Nxb2 20. Qxa6 Rb6 21. Qa5
Nxc4 22. Qc5 Nd6 23. Rfd1 Nxe4 24. Qe3 Nd6 25. Rd2 Qe7 26. Rad1 Nc4 27. Qc3
Nxd2 28. Nxd2 Rd8 0-1

[Event "DVM U10 2016"]
[Site "Magdeburg GER"]
[Date "2016.12.28"]
[Round "4"]
[White "Heller, Fabian Nicolas"]
[Black "Kraftsik, Christian"]
[Result "0-1"]
[Termination "normal"]
[Board "14.2"]
[WhiteElo "756"]
[BlackElo "1136"]
[WhiteTeam "SK Bebenhausen"]
[BlackTeam "SC Vaterstetten"]
[PlyCount "30"]
[BlackFideId "16242548"]
[EventCountry "GER"]
[EventRounds "7"]
[EventType "team-swiss"]
[EventDate "2016.12.27"]

1. c4 e5 2. Nc3 Nc6 3. g3 Bc5 4. Bg2 Nf6 5. Nf3 d6 6. e3 Bg4 7. d4 e4 8. dxc5
exf3 9. Bxf3 Bxf3 10. Qxf3 dxc5 11. Bd2 Nb4 12. O-O-O Qd3 13. Qf5 Qxf5 14. e4
Qxf2 15. Bf4 Qc2# 0-1

[Event "DVM U10 2016"]
[Site "Magdeburg GER"]
[Date "2016.12.28"]
[Round "4"]
[White "Lerchl, Justus"]
[Black "Rau, Levi Niklas"]
[Result "1-0"]
[Termination "normal"]
[Board "14.3"]
[WhiteElo "951"]
[BlackElo "834"]
[WhiteTeam "SC Vaterstetten"]
[BlackTeam "SK Bebenhausen"]
[PlyCount "55"]
[WhiteFideId "16240677"]
[EventCountry "GER"]
[EventRounds "7"]
[EventType "team-swiss"]
[EventDate "2016.12.27"]

1. e4 c5 2. Nf3 Nc6 3. d4 cxd4 4. Nxd4 Nf6 5. Nxc6 bxc6 6. e5 Nd5 7. Bc4 Nb6 8.
Bb3 Ba6 9. Be3 Rb8 10. Bxb6 Rxb6 11. c4 e6 12. O-O c5 13. Nc3 Bb7 14. Qd2 Be7
15. Rad1 Bc6 16. Bc2 Bg5 17. Qd3 Bf4 18. Rfe1 Qg5 19. g3 Qg4 20. b3 Qh3 21. f3
Qh5 22. gxf4 Bxf3 23. Rd2 Qg4+ 24. Kf1 Qh3+ 25. Kg1 Qg4+ 26. Kf1 Qxf4 27. Qxd7+
Kf8 28. Qd8# 1-0

[Event "DVM U10 2016"]
[Site "Magdeburg GER"]
[Date "2016.12.28"]
[Round "4"]
[White "Langer, Paul Georg"]
[Black "Hecker, Linus Maximin"]
[Result "1/2-1/2"]
[Termination "normal"]
[Board "15.1"]
[WhiteElo "1246"]
[BlackElo "993"]
[WhiteTeam "SG Blau-Weiß Stadtilm"]
[BlackTeam "Düsseldorfer SV"]
[PlyCount "58"]
[WhiteFideId "16230051"]
[BlackFideId "16275152"]
[EventCountry "GER"]
[EventRounds "7"]
[EventType "team-swiss"]
[EventDate "2016.12.27"]

1. e4 e5 2. Nf3 Nc6 3. Bc4 Nf6 4. d3 Bc5 5. c3 d5 6. exd5 Nxd5 7. Qb3 Be6 8.
Nbd2 Na5 9. Qa4+ Nc6 10. O-O Rb8 11. Bb5 Bd7 12. Ne4 Be7 13. Qb3 Nf6 14. Bxc6
bxc6 15. Qc2 Bd6 16. Bg5 Be7 17. Nxe5 Nxe4 18. Bxe7 Qxe7 19. Nxd7 Qxd7 20. dxe4
O-O 21. b3 Rfe8 22. Rfe1 Re6 23. Qd1 Rd8 24. f3 Qe7 25. Qe2 Red6 26. Qf2 Rd3
27. c4 c5 28. Qe2 Rd2 29. Qe3 R8d3 1/2-1/2

[Event "DVM U10 2016"]
[Site "Magdeburg GER"]
[Date "2016.12.28"]
[Round "4"]
[White "Hörhager-Celjo, Dino"]
[Black "Rapp, Leonard"]
[Result "1-0"]
[Termination "normal"]
[Board "15.2"]
[WhiteElo "861"]
[BlackElo "1479"]
[WhiteTeam "Düsseldorfer SV"]
[BlackTeam "SG Blau-Weiß Stadtilm"]
[PlyCount "55"]
[WhiteFideId "16253035"]
[BlackFideId "16212428"]
[EventCountry "GER"]
[EventRounds "7"]
[EventType "team-swiss"]
[EventDate "2016.12.27"]

1. e4 e5 2. Nf3 Nc6 3. Bc4 Bc5 4. c3 Nf6 5. d4 exd4 6. cxd4 Bb4+ 7. Bd2 Nxe4 8.
Bxb4 Nxb4 9. Bxf7+ Kxf7 10. Qb3+ d5 11. Qxb4 Rf8 12. Ne5+ Kg8 13. O-O a5 14.
Qe1 b6 15. f3 Nd6 16. Nc3 Nf7 17. Rc1 Ba6 18. Rf2 Nxe5 19. Qxe5 Re8 20. Qxd5+
Qxd5 21. Nxd5 Rad8 22. Nxc7 Rc8 23. Rfc2 Bd3 24. Rc3 Re7 25. Nd5 Rxc3 26. Nxe7+
Kf7 27. Rxc3 Kxe7 28. Rxd3 1-0

[Event "DVM U10 2016"]
[Site "Magdeburg GER"]
[Date "2016.12.28"]
[Round "4"]
[White "Langer, Eric Jonathan"]
[Black "Hörhager-Celjo, Denis"]
[Result "0-1"]
[Termination "normal"]
[Board "15.3"]
[WhiteElo "795"]
[BlackElo "853"]
[WhiteTeam "SG Blau-Weiß Stadtilm"]
[BlackTeam "Düsseldorfer SV"]
[PlyCount "68"]
[WhiteFideId "34686746"]
[BlackFideId "16253027"]
[EventCountry "GER"]
[EventRounds "7"]
[EventType "team-swiss"]
[EventDate "2016.12.27"]

1. e4 e5 2. Nf3 Nc6 3. Bc4 Bc5 4. Nc3 Nf6 5. d3 O-O 6. Be3 Bxe3 7. fxe3 Na5 8.
Qd2 c6 9. O-O-O d5 10. exd5 cxd5 11. Bb3 Nxb3+ 12. cxb3 Be6 13. Nxe5 Qd6 14.
Nf3 Rac8 15. Kb1 Rc7 16. Nb5 Qb6 17. Nxc7 Qxc7 18. Rc1 Qb6 19. Nd4 Bd7 20. Nc2
Rd8 21. Rhf1 Qe6 22. Nd4 Qe7 23. a4 a6 24. a5 Ng4 25. h3 Nxe3 26. Rfe1 Re8 27.
Nf5 Bxf5 28. Re2 d4 29. Rce1 Qc5 30. Rc1 Qb5 31. Rf2 Bxd3+ 32. Ka2 Nd5 33. Rd1
Nb4+ 34. Ka3 Qxa5# 0-1

[Event "DVM U10 2016"]
[Site "Magdeburg GER"]
[Date "2016.12.28"]
[Round "4"]
[White "Behr, Julian"]
[Black "Schmidt, Dirk"]
[Result "1-0"]
[Termination "normal"]
[Board "16.1"]
[WhiteElo "1023"]
[BlackElo "1030"]
[WhiteTeam "SC Landskrone"]
[BlackTeam "SV Empor Erfurt"]
[PlyCount "37"]
[WhiteFideId "16255410"]
[BlackFideId "16220544"]
[EventCountry "GER"]
[EventRounds "7"]
[EventType "team-swiss"]
[EventDate "2016.12.27"]

1. e4 e5 2. Nf3 Nc6 3. Bb5 Bd6 4. Nc3 Nf6 5. d3 O-O 6. Bg5 Re8 7. O-O Bc5 8.
Nd5 d6 9. Nxf6+ gxf6 10. Bh6 Kh8 11. c3 Rg8 12. d4 exd4 13. cxd4 Bb6 14. g3 Bg4
15. Qd3 Qd7 16. d5 a6 17. dxc6 bxc6 18. Qc3 Ra7 19. Qxf6+ 1-0

[Event "DVM U10 2016"]
[Site "Magdeburg GER"]
[Date "2016.12.28"]
[Round "4"]
[White "Mantu, Valentin"]
[Black "Kinsky, Leonhard"]
[Result "0-1"]
[Termination "normal"]
[Board "16.2"]
[WhiteElo "961"]
[BlackElo "929"]
[WhiteTeam "SV Empor Erfurt"]
[BlackTeam "SC Landskrone"]
[PlyCount "62"]
[WhiteFideId "16278054"]
[BlackFideId "16255429"]
[EventCountry "GER"]
[EventRounds "7"]
[EventType "team-swiss"]
[EventDate "2016.12.27"]

1. Nf3 d5 2. b3 Nf6 3. Bb2 Bg4 4. e3 e6 5. g3 Nc6 6. Bg2 Bd6 7. d4 O-O 8. Nbd2
Re8 9. O-O e5 10. Re1 e4 11. h3 Bxf3 12. Nxf3 exf3 13. Qxf3 Nb4 14. Rec1 c5 15.
Bf1 a6 16. c3 Nc6 17. Bd3 b6 18. c4 dxc4 19. bxc4 cxd4 20. Qxc6 dxe3 21. fxe3
Rxe3 22. Rd1 Bc5 23. Bxh7+ Kxh7 24. Rxd8 Rxd8 25. Qg2 Re2+ 26. Kh2 Rxg2+ 27.
Kxg2 Rd2+ 28. Kf3 Rxb2 29. Kf4 Rf2+ 30. Kg5 Be3+ 31. Kh4 g5# 0-1

[Event "DVM U10 2016"]
[Site "Magdeburg GER"]
[Date "2016.12.28"]
[Round "4"]
[White "Püschel-Esparza, Mateo"]
[Black "Weiß, Oskar"]
[Result "0-1"]
[Termination "normal"]
[Board "16.3"]
[WhiteElo "787"]
[BlackElo "934"]
[WhiteTeam "SC Landskrone"]
[BlackTeam "SV Empor Erfurt"]
[PlyCount "52"]
[BlackFideId "16220552"]
[EventCountry "GER"]
[EventRounds "7"]
[EventType "team-swiss"]
[EventDate "2016.12.27"]

1. f4 Nc6 2. Nf3 Nf6 3. g3 d5 4. Bg2 Bf5 5. Nc3 e6 6. e3 Bd6 7. O-O Qe7 8. Qe2
O-O-O 9. d4 h6 10. Nb5 g5 11. fxg5 hxg5 12. Nxg5 Rdg8 13. Nf3 Ng4 14. Nxd6+
Qxd6 15. h3 Nf6 16. g4 Be4 17. b3 Bxf3 18. Qxf3 Nd7 19. e4 Nxd4 20. Qd1 dxe4
21. Bb2 e5 22. Bxe4 Nf6 23. c3 Nxe4 24. cxd4 exd4 25. Bxd4 Qg3+ 26. Kh1 Rxh3#
0-1

[Event "DVM U10 2016"]
[Site "Magdeburg GER"]
[Date "2016.12.28"]
[Round "4"]
[White "Rüttinger, Max"]
[Black "Kalina, Emil"]
[Result "1-0"]
[Termination "normal"]
[Board "16.4"]
[WhiteElo "962"]
[BlackElo "727"]
[WhiteTeam "SV Empor Erfurt"]
[BlackTeam "SC Landskrone"]
[PlyCount "47"]
[WhiteFideId "16278097"]
[EventCountry "GER"]
[EventRounds "7"]
[EventType "team-swiss"]
[EventDate "2016.12.27"]

1. e4 e5 2. Nf3 Nc6 3. d4 exd4 4. Nxd4 Nxd4 5. Qxd4 Bd6 6. Bc4 Qe7 7. Nc3 Bb4
8. a3 Bxc3+ 9. bxc3 Nf6 10. e5 c5 11. Qf4 Nh5 12. Qe4 Nf6 13. Qe2 d6 14. exf6
gxf6 15. Qxe7+ Kxe7 16. O-O d5 17. Bxd5 Be6 18. Bxb7 Rab8 19. Bc6 Bc4 20. Re1+
Kf8 21. Bh6+ Kg8 22. Re4 f5 23. Re7 Rb6 24. Re8# 1-0

[Event "DVM U10 2016"]
[Site "Magdeburg GER"]
[Date "2016.12.28"]
[Round "4"]
[White "Schuster, Pascal"]
[Black "Lienau, Tom"]
[Result "1/2-1/2"]
[Termination "normal"]
[Board "17.1"]
[WhiteElo "1061"]
[BlackElo "886"]
[WhiteTeam "SG Königskinder Hohentübingen"]
[BlackTeam "Segeberger SF"]
[PlyCount "75"]
[BlackFideId "16216423"]
[EventCountry "GER"]
[EventRounds "7"]
[EventType "team-swiss"]
[EventDate "2016.12.27"]

1. e4 e5 2. Nf3 Nc6 3. Bb5 d6 4. c3 Nf6 5. d3 Bd7 6. O-O a6 7. Ba4 Qe7 8. Nbd2
b5 9. Bb3 Ng4 10. Re1 Qf6 11. Nf1 Qg6 12. Nh4 Qf6 13. f3 Nxh2 14. Nxh2 Qxh4 15.
Be3 Qg3 16. Bf2 Qg6 17. d4 Bh3 18. Ng4 Bxg4 19. fxg4 exd4 20. cxd4 Be7 21. Rf1
O-O 22. Bd5 Nb4 23. Bxa8 Rxa8 24. e5 dxe5 25. dxe5 Qh6 26. Be1 Bc5+ 27. Bf2 Be7
28. Rc1 c6 29. Rc3 f6 30. e6 Rd8 31. Bd4 Bd6 32. Rh3 Qg5 33. Qb3 Kf8 34. Re3
Ke8 35. e7 Bxe7 36. Qg8+ Kd7 37. Qe6+ Kc7 38. Qxe7+ 1-0

[Event "DVM U10 2016"]
[Site "Magdeburg GER"]
[Date "2016.12.28"]
[Round "4"]
[White "Palyan, Levon"]
[Black "Schickner, Jano"]
[Result "1-0"]
[Termination "normal"]
[Board "17.2"]
[WhiteElo "880"]
[BlackElo "982"]
[WhiteTeam "Segeberger SF"]
[BlackTeam "SG Königskinder Hohentübingen"]
[PlyCount "61"]
[WhiteFideId "16216440"]
[EventCountry "GER"]
[EventRounds "7"]
[EventType "team-swiss"]
[EventDate "2016.12.27"]

1. e4 c5 2. Nf3 a6 3. Nc3 Nf6 4. Bc4 e6 5. d4 cxd4 6. Nxd4 e5 7. Nf3 Nc6 8. Bg5
h6 9. Bh4 b5 10. Bd5 Bb4 11. Bxc6 dxc6 12. Qxd8+ Kxd8 13. O-O Bxc3 14. bxc3 Bg4
15. Bxf6+ gxf6 16. Nh4 Ke7 17. Nf5+ Bxf5 18. exf5 Rhg8 19. g3 Rg5 20. Rad1 Rxf5
21. Rd2 Rf3 22. Rd3 Rf5 23. Rfd1 Rc8 24. Rd7+ Ke8 25. Ra7 Rf3 26. Rdd7 Rxc3 27.
Rxf7 Ra8 28. Rae7+ Kd8 29. Rh7 Rxc2 30. Reg7 Rc8 31. Rg8# 1-0

[Event "DVM U10 2016"]
[Site "Magdeburg GER"]
[Date "2016.12.28"]
[Round "4"]
[White "Liang, Jiaxuan"]
[Black "Staubus, Noah"]
[Result "1-0"]
[Termination "normal"]
[Board "17.3"]
[WhiteElo "984"]
[BlackElo "1007"]
[WhiteTeam "SG Königskinder Hohentübingen"]
[BlackTeam "Segeberger SF"]
[PlyCount "45"]
[WhiteFideId "34675205"]
[BlackFideId "34690271"]
[EventCountry "GER"]
[EventRounds "7"]
[EventType "team-swiss"]
[EventDate "2016.12.27"]

1. e4 e5 2. Nf3 Nc6 3. Bb5 Bc5 4. d3 d6 5. O-O a6 6. Ba4 Nf6 7. Bg5 h6 8. Bh4
O-O 9. Nc3 Be6 10. Ne2 Bg4 11. Ng3 d5 12. h3 Bxf3 13. Qxf3 Be7 14. Rad1 dxe4
15. dxe4 Nd4 16. Qe3 Bc5 17. c3 Nc2 18. Qxc5 Qc8 19. Bxf6 gxf6 20. Bxc2 b6 21.
Qe3 Kh7 22. Nh5 Rg8 23. Nxf6+ 1-0

[Event "DVM U10 2016"]
[Site "Magdeburg GER"]
[Date "2016.12.28"]
[Round "4"]
[White "Onat, Elias Levent"]
[Black "Leyrer, Justus"]
[Result "1-0"]
[Termination "normal"]
[Board "17.4"]
[WhiteElo "600"]
[BlackElo "855"]
[WhiteTeam "Segeberger SF"]
[BlackTeam "SG Königskinder Hohentübingen"]
[PlyCount "59"]
[EventCountry "GER"]
[EventRounds "7"]
[EventType "team-swiss"]
[EventDate "2016.12.27"]

1. e4 c5 2. Nf3 a6 3. Bc4 e6 4. Nc3 Nc6 5. d3 Nf6 6. e5 Ng4 7. Qe2 b5 8. Bb3
Bb7 9. h3 Nh6 10. Bxh6 gxh6 11. O-O Bg7 12. a3 Na5 13. Ne4 Nxb3 14. cxb3 Rg8
15. Nd6+ Ke7 16. Nxb7 Qc7 17. Nd6 f6 18. Ne4 fxe5 19. Rac1 d6 20. b4 Qd8 21.
bxc5 dxc5 22. Ned2 e4 23. dxe4 Bxb2 24. Rc2 Bf6 25. e5 Bg5 26. Nxg5 Rxg5 27.
Re1 Qd4 28. Qf3 Rf5 29. Qb7+ Ke8 30. Qxa8+ 1-0

[Event "DVM U10 2016"]
[Site "Magdeburg GER"]
[Date "2016.12.28"]
[Round "4"]
[White "Werner, Rosalie"]
[Black "Spehr, Neil"]
[Result "1-0"]
[Termination "normal"]
[Board "18.1"]
[WhiteElo "1384"]
[BlackElo "948"]
[WhiteTeam "VSG 1880 Offenbach"]
[BlackTeam "Schachakademie Paderborn 2"]
[PlyCount "51"]
[WhiteFideId "16223748"]
[EventCountry "GER"]
[EventRounds "7"]
[EventType "team-swiss"]
[EventDate "2016.12.27"]

1. e4 e6 2. d4 d5 3. e5 c5 4. c3 Qb6 5. Nf3 Nc6 6. a3 a5 7. Be2 Nge7 8. O-O g6
9. Ra2 Bg7 10. Be3 c4 11. Nbd2 a4 12. Ng5 Nf5 13. Bg4 Nxe3 14. fxe3 Nd8 15. Qf3
O-O 16. Qh3 h6 17. Ngf3 Nc6 18. Qg3 Na5 19. h4 h5 20. Bxh5 gxh5 21. Qg5 Bd7 22.
Qxh5 Nb3 23. Ng5 Rfe8 24. Qxf7+ Kh8 25. Qh5+ Kg8 26. Qh7# 1-0